000 01276nam a22003617a 4500
003 CHAP
005 20220329141156.0
008 971010s1980 r 00010 d
010 _a63858
011 _a64830
035 _a70959
040 _cCHAP
090 _aTesis
100 0 0 _aDomínguez Castellanos, Roberto.
_933788
245 _aEfecto de la presión de pastoreo sobre la producción de carne ovina en una pradera permanente bajo riego de Chapingo
260 _aChapingo, Méx. :
_bEl autor,
_c1980
300 _a43 h.
502 _aTesis (Ing. Agrónomo Esp. en Zootecnia) -- UACH. Departamento de Zootecnia
590 _aALEPH
_b10
_c20130110
_lUCH01
_h1347
590 _aBATCH-UPD
_b10
_c20130110
_lUCH01
_h0620
590 _aBATCH-UPD
_b10
_c20130110
_lUCH01
_h2253
590 _aBATCH-UPD
_b10
_c20130410
_lUCH01
_h0303
590 _aBATCH-UPD
_b10
_c20130914
_lUCH01
_h0849
590 _aCONVERSION
_b10
_c20130109
_lUCH01
_h1334
650 1 4 _aCarne de borrego
_xProducción.
_919122
650 1 4 _aGanado lanar
_xPastoreo.
_945209
650 1 4 _aGanado lanar
_xPeso.
_945211
700 0 _aApodaca Sarabia, Carlos A.
_96309
901 _aBK
942 _cTESIS
949 _aD147
_bZ
_cTESBD
_d-3550
_eTS1
_i70959
_si
949 _bBC
_cTES
_d-141348
_eTS1
_h19661
_i70959
_si
999 _c63858
_d63858